000 00783nam a2200241Ia 4500
003 OSt
005 20221006165710.0
006 a|||||r|||| 00| 0
007 ta
008 221006b |||||||| |||| 00| 0 hin d
024 _a7,527
037 _cTheseses
040 _aFML
_cFML
_bhin
041 _2hin
_ahin
100 _aGupta Ruvhi Au.
_9680309
110 _aDelhi University. Faculty of Music and Fine Arts. Department of Music
245 0 _aBharatiya Sanskriti Ke Antargat Nadabrahmavaad Evam Satyam Shivam Sundaram Ka Hindustani Sangeet Ke Sandarbh Main Ek Aadhyayan
260 _c1999
300 _a146
_ccm.
700 _aDelhi University. Faculty of Music and Fine Arts. Department of Music
942 _cDIS
_2CC
999 _c1121743
_d1121743